Сила вашего подсознания (Запис № 571631)

МАРК-запис
000 -Лідер
fixed length control field 00807 a2200229 4500
003 - Ідентифікатор контрольного номера
control field UA-OsUOA
005 - Дата та час останнього входження (трансакції)
control field 20211103100729.0
008 - Елементи даних фіксованої довжини – загальна інформація
fixed length control field 211018b un ||||| |||| 00| 0 ukr d
020 ## - Міжнародний стандартний книжковий номер (ISBN)
Міжнародний стандартний книжковий номер (ISBN) (НП) 5936430772
040 ## - Джерело каталогізації
Агенція оригінальної каталогізації UA-OsUOA
Мова каталогізації ukr
Агенція, яка здійснювала перезапис UA-OsUOA
Агенція, яка здійснювала модифікацію UA-OsUOA
041 ## - Код мови
Код мови тексту/ звукової доріжки чи окремого заголовка (П) rus
080 ## - Індекс Універсальної десяткової класифікації
Індекс Універсальної десяткової класифікації (УДК) (НП) 159.964
090 ## - Локальний шифр розміщення
Класифікаційний індекс УДК 159.964
Авторський знак (НП) М85
100 ## - Основне введення – ім’я особи
Ім’я особи (НП) Мерфи Дж.
245 ## - Відомості про назву
Назва (НП) Сила вашего подсознания
Дані про відповідальність (НП) Дж. Мерфи ; пер. с нем. Р. М. Кутузовой
260 ## - Публікація, розповсюдження і т.п. (Вихідні дані)
Місце публікації, розповсюдження і т.п. (П) Донецк
-- Львов
Ім’я/ наймення видавництва, розповсюджувача і т.п. (П) Полиграфпресс
-- Світ
Дата публікації, розповсюдження і т.п. (П) 2004
300 ## - Фізичний опис
Обсяг 200 с.
650 ## - Додаткове предметне введення – тематичний термін
Джерело заголовка чи терміна UDC
Тематичний термін чи географічна назва, як елемент введення (НП) 159.9 Психологія
942 ## - Додаткові елементи входу (Коха)
Тип елемента Koha Книги
Source of classification or shelving scheme Universal Decimal Classification
955 ## - Код типу видання за змістом
Код типу видання за змістом (НП) Науково-популярні видання
Фонди
Стан вилучень Стан втрат Джерело класифікації або схеми стелажів Стан уражень Не для кредиту Код колекції Постійне місце розташування Поточне розміщення Дата придбання Джерело придбання Вартість, звичайна ціна покупки Усього замовленно Повний номер виклику Штрих-код Перевірено Дата останнього перегляду Дата останньої перевірки Вартість, ціна заміни Ціна ефективна від Тип елемента Koha
    Universal Decimal Classification     Колекція Руслани Каламаж ЧЗ - Читальна зала ЧЗ - Читальна зала 18/10/2021 №28/13.10.21 20.00 1 159.964 М85 164047 25/01/2022 27/10/2021 27/10/2021 20.00 18/10/2021 Книги